<?xml version="1.0" encoding="UTF-8"?>
<marc:record xmlns:marc="http://www.loc.gov/MARC21/slim">
   <marc:leader>00000nam a2200000 a 4500</marc:leader>
   <marc:datafield ind1="1" ind2=" " tag="100">
      <marc:subfield code="a">Einhorn, Katrin</marc:subfield>
      <marc:subfield code="4">aut</marc:subfield>
      <marc:subfield code="e">Verfasser/-in</marc:subfield>
   </marc:datafield>
   <marc:datafield ind1="0" ind2="0" tag="245">
      <marc:subfield code="a">Zitronensonne</marc:subfield>
   </marc:datafield>
   <marc:datafield ind1="0" ind2="0" tag="245">
      <marc:subfield code="b">Roman</marc:subfield>
   </marc:datafield>
   <marc:datafield ind1="0" ind2="0" tag="245">
      <marc:subfield code="c">Katrin Einhorn</marc:subfield>
   </marc:datafield>
   <marc:datafield ind1=" " ind2="1" tag="264">
      <marc:subfield code="a">München</marc:subfield>
      <marc:subfield code="b">dtv</marc:subfield>
      <marc:subfield code="c">2021</marc:subfield>
   </marc:datafield>
   <marc:datafield ind1="1" ind2=" " tag="520">
      <marc:subfield code="a">Angaben aus der Verlagsmeldung

Zitronensonne : Roman Einhorn,Zitronensonne / von Katrin Einhorn

Manchmal liegt das Glück eben doch auf der Straße …

Romy betreibt ziemlich erfolglos einen Food Truck. Als ihr der ohnehin schon unattraktive Stellplatz am Bahnhof auch noch gekündigt wird, eine saftige Steuernachzahlung droht und ihr Freund sie verlässt, steht Romy vor einem Scherbenhaufen.

Widerwillig stimmt sie zu, den geliebten Truck an ihren unsympathischen Nachbarn Leonard zu verkaufen. Allerdings nur unter einer Bedingung: Sie will damit ein letztes Mal nach Italien reisen, wo sich Streetfood-Artist Quinto aufhalten soll, eine Art Banksy der Kochkunst. Doch auch Leonard hat eine Bedingung: Er will mit nach Italien …

Völlig unerwartet beginnt so ein verrückter, abenteuerlicher und ereignisreicher Roadtrip, der auf Umwegen ins Glück führt.

</marc:subfield>
   </marc:datafield>
   <marc:datafield ind1=" " ind2=" " tag="020">
      <marc:subfield code="a">9783423219488</marc:subfield>
      <marc:subfield code="9">9783423219488</marc:subfield>
   </marc:datafield>
   <marc:datafield ind1=" " ind2=" " tag="020">
      <marc:subfield code="a">3423219483</marc:subfield>
      <marc:subfield code="9">3423219483</marc:subfield>
   </marc:datafield>
   <marc:datafield ind1=" " ind2=" " tag="041">
      <marc:subfield code="a">ger</marc:subfield>
   </marc:datafield>
   <marc:datafield ind1=" " ind2=" " tag="300">
      <marc:subfield code="a">286 Seiten</marc:subfield>
   </marc:datafield>
</marc:record>
